000 00790cam a22001935a 4500
001 L155625
008 120329s1785 xxk f 000 0 eng d
035 _a(Sirsi) u155625
041 0 _aeng
245 0 4 _aThe history and antiquities of the archiepiscopal palace of Lambeth, from its foundation to the present time
_bBy Dr. Ducarel, ...
260 _aLondon
_bprinted by and for J. Nichols
_c1785
300 _ax, 132, 72 p., plates
_bport.
_c4o
520 _aHalf-title: 'Bibliotheca topographica Britannica. No XXVII. ..' - Forms vol.2, part 5 of the collection of the same title.
583 _aCondition reviewed
_c20120620
_lcondition level 1
651 4 _aGreat Britain
_y1707-
690 _aConservation and restoration
700 1 _aDucarel, Andrew Coltee
_d1713-1785
942 _n0
999 _c113708
_d113708